000 00204 a2200097 4500
001 10132
100 _aGorky, M
245 _aArticles and pamphlets
260 _a
_bForeign Lang.
_c
090 _c7877
_d7877
942 _aNUST-CAE
_cM
_c34574
999 _c245205
_d245205